000
00467nam a2200169Ia 4500
008
100917s9999 xx 000 0 und d
082
_b
4101
100
_a
टिळक लक्ष्मीबाई
245
_a
स्मृतिचित्रे
260
_b
---
_c
1953
365
_b
0
520
_a
कथा
630
_a
स्मृतिचित्रे
650
_a
कथा
730
_a
स्मृतिचित्रे
942
_c
BOOK
999
_c
609495
_d
609492